Arcana Mundi (Record no. 12585)

MARC details
000 -LEADER
campo de control de longitud fija 00935nam a2200301 i 4500
001 - NÚMERO DE CONTROL
campo de control 12585
003 - IDENTIFICADOR DE NÚMERO DE CONTROL
campo de control ES-MaACL
005 - FECHA Y HORA DE LA ÚLTIMA TRANSACCIÓN
campo de control 20230906150343.0
007 - CAMPO FIJO DE DESCRIPCIÓN FÍSICA--INFORMACIÓN GENERAL
campo de control de longitud fija t|
008 - DATOS DE LONGITUD FIJA--INFORMACIÓN GENERAL
campo de control de longitud fija 960918s1995 sp ||||0| spa
020 ## - NÚMERO INTERNACIONAL ESTÁNDAR DEL LIBRO
Número Internacional Estándar del Libro 84-249-1785-5
080 ## - NÚMERO DE LA CLASIFICACIÓN DECIMAL UNIVERSAL
Número de la Clasificación Decimal Universal 133.4(38)(093)
080 ## - NÚMERO DE LA CLASIFICACIÓN DECIMAL UNIVERSAL
Número de la Clasificación Decimal Universal 133.4(37)(093)
100 1# - ENTRADA PRINCIPAL--NOMBRE DE PERSONA
Nombre de persona Luck, Georg.
9 (RLIN) 74598
245 10 - MENCIÓN DEL TÍTULO
Título Arcana Mundi
Resto del título : magia y ciencias ocultas en el mundo griego y romano /
Mención de responsabilidad, etc. Georg Luck ; versión española de Elena Gallego Moya y Miguel E. Pérez Molina.
260 ## - PUBLICACIÓN, DISTRIBUCIÓN, ETC.
Lugar de publicación, distribución, etc. Madrid :
Nombre del editor, distribuidor, etc. Gredos,
Fecha de publicación, distribución, etc. [1995]
300 ## - DESCRIPCIÓN FÍSICA
Extensión 458 p ;
Dimensiones 24 cm.
490 1# - MENCIÓN DE SERIE
Mención de serie Manuales
650 #4 - PUNTO DE ACCESO ADICIONAL DE MATERIA--TÉRMINO DE MATERIA
Término de materia o nombre geográfico como elemento de entrada Ocultismo-
Subdivisión geográfica Grecia.
9 (RLIN) 15685
650 #4 - PUNTO DE ACCESO ADICIONAL DE MATERIA--TÉRMINO DE MATERIA
Término de materia o nombre geográfico como elemento de entrada Ocultismo-
Subdivisión geográfica Roma.
9 (RLIN) 172290
650 00 - PUNTO DE ACCESO ADICIONAL DE MATERIA--TÉRMINO DE MATERIA
Término de materia o nombre geográfico como elemento de entrada Magia griega.
9 (RLIN) 14732
650 #4 - PUNTO DE ACCESO ADICIONAL DE MATERIA--TÉRMINO DE MATERIA
Término de materia o nombre geográfico como elemento de entrada Magia romana.
9 (RLIN) 163296
700 1# - ENTRADA AGREGADA--NOMBRE PERSONAL
Nombre de persona Gallego Moya, Elena.
9 (RLIN) 53578
700 1# - ENTRADA AGREGADA--NOMBRE PERSONAL
Nombre de persona Pérez Molina, Miguel E.
9 (RLIN) 91032
830 1# - PUNTO DE ACCESO ADICIONAL DE SERIE-TÍTULO UNIFORME
Título uniforme Manuales
9 (RLIN) 178657
852 ## - LOCALIZACIÓN
Ubicación ES-MaACL
Número de control de estantería L-19861
Holdings
Estatus retirado Estado de pérdida Estado de daño No para préstamo Biblioteca de origen Biblioteca actual Ubicación en estantería Fecha de adquisición Fuente de adquisición Total de préstamos Signatura topográfica completa Código de barras Visto por última vez Precio de reemplazo Tipo de ítem Koha
        Biblioteca del Ateneo de Madrid Biblioteca del Ateneo de Madrid Depósito 2 17/01/2008     L-19861 1012821 23/02/2023 23/02/2023 Libro impreso